| 000 | 00461nam a2200181Ia 4500 | ||
|---|---|---|---|
| 001 | 16969 | ||
| 005 | 20260306170350.0 | ||
| 008 | 260306t2015||||xx |||||||||||||| ||und|| | ||
| 041 | _aESP | ||
| 082 |
_a657.32 _bF64 |
||
| 100 |
_aFlores Soria, Jaime _eAUT |
||
| 245 | 0 | _aAnálisis financiero para contadores y su incidencia en la NIIF | |
| 260 | _c2015 | ||
| 300 |
_a549 páginas : _c25 cm. |
||
| 650 | _aGEN | ||
| 654 | _aCCO | ||
| 942 |
_cLIB _dJUS _fJUS _2ddc _n |
||
| 999 |
_c16969 _d16969 |
||